| 000 | 01014pam a22002894a 4500 | ||
|---|---|---|---|
| 001 | 3575896 | ||
| 005 | 20260225115758.0 | ||
| 008 | 990324s2000 ohua 001 0 eng | ||
| 020 | _a0324009550 | ||
| 020 | _a9780324009552 | ||
| 050 | 0 | 0 |
_aHG3881 _b.M2765 2000 |
| 082 | 0 | 0 |
_a658.15/99 _221 |
| 100 | 1 | _aMadura, Jeff. | |
| 245 | 1 | 0 |
_aInternational financial management / _cJeff Madura. |
| 250 | _a6th ed. | ||
| 260 |
_aCincinnati : _bSouth-Western College Pub., _c2000. |
||
| 300 |
_axxv, 660 p. : _bill. ; _c26 cm. |
||
| 500 | _aIncludes index. | ||
| 650 | 0 | _aInternational finance. | |
| 650 | 0 | _aForeign exchange. | |
| 650 | 0 | _aAsset-liability management. | |
| 650 | 0 | _aBanks and banking, International. | |
| 650 | 0 |
_aInternational business enterprises _xFinance. |
|
| 856 | 4 | 2 |
_3Contributor biographical information _uhttp://www.loc.gov/catdir/enhancements/fy1514/99026766-b.html |
| 856 | 4 | 2 |
_3Publisher description _uhttp://www.loc.gov/catdir/enhancements/fy1514/99026766-d.html |
| 942 |
_2lcc _cBK _n0 |
||
| 999 |
_c8834 _d8834 |
||